Malaysian legal essays : a collection of essays in honour of Professor Emeritus Datuk Ahmad Ibrahim

Bibliographic Details
Main Author: Hooker, M. B. (Author)
Format: Book
Language:English
Published: Kuala Lumpur ; Singapore : Malayan Law Journal , 1986
Subjects:

MARC

LEADER 00000cam a2200000 7i4500
001 0000002448
005 20170724093000.0
008 021118s1986 my eng
020 |a 9971700476 
050 0 0 |a d1 KPG68   |b .M25 1986 
090 0 0 |a d1 KPG68   |b .M25 1986 
245 0 0 |a Malaysian legal essays :   |b a collection of essays in honour of Professor Emeritus Datuk Ahmad Ibrahim   |c edited by M. B. Hooker 
260 2 |a Kuala Lumpur ; Singapore :   |b Malayan Law Journal ,   |c 1986 
300 |a xxxii, 456 p. ;   |c 26 cm. 
600 0 0 |a Ahmad Ibrahim ,   |c Tan Sri Datuk ,   |d 1916-1999 
650 0 |a Islamic law   |z Malaysia 
650 0 |a Law   |z Malaysia 
700 1 |a Hooker, M. B. ,   |e author 
999 |a 1000014436   |b Book   |c OPEN SHELF (30 DAYS)   |e Gong Badak Campus 
999 |a 1000014437   |b Book   |c Reference   |e Gong Badak Campus 
999 |a 1000014438   |b Book   |c OPEN SHELF (30 DAYS)   |e Gong Badak Campus